Normal view MARC view
  • Internet en la educación

Entry Materia

Number of records used in: 133

001 - NÚMERO DE CONTROL DEL REGISTRO

  • campo de control: 602

003 - IDENTIFICADOR DE NUMERO DE CONTROL

  • campo de control: MX-MxUPN

005 - FECHA Y HORA DE LA ÚLTIMA TRANSACCIÓN

  • campo de control: 20250226125713.0

008 - DATOS DE LONGITUD FIJA

  • campo de control de longitud fija: 250226n| acnnnbabn | ana |d

035 ## - NÚMERO DE CONTROL DEL SISTEMA

  • Número de control del sistema: UPN10000000602

040 ## - FUENTE DE LA CATALOGACIÓN

  • Centro catalogador de origen: MX-MxUPN
  • Lengua de catalogación: spa
  • Agencia de transcripción: MX-MxUPN

150 ## - ENCABEZAMIENTO - TEMÁTICO

  • Término de materia o nombre geográfico como elemento inicial: Internet en la educación

450 ## - VÉASE - MATERIA

  • Encabezamiento temático: Internet en la enseñanza

450 ## - VÉASE - MATERIA

  • Encabezamiento temático: Internet (Red de computadoras) en la educación

670 ## - FUENTE EN LA QUE SE LOCALIZARON DATOS

  • Cita de la fuente: LC
  • Información localizada: Internet in education

902 ## - CATALOGADOR

  • Catalogador: BDV/181001